000 00953nam a2200169Ia 4500
008 090711s9999 xx 000 0 und d
082 _b74371
100 _aबोले प्रीतमलाल वि. / वाघानी योगिनी
245 _aभारतातील सर्वसामान्य झाडे-क्षेत्र -मार्गदर्शिका
260 _c1993
300 _a114
600 _aबोले प्रीतमलाल वि. / वाघानी योगिनी
630 _aभारतातील सर्वसामान्य झाडे-क्षेत्र -मार्गदर्शिका
700 _aबोले प्रीतमलाल वि. / वाघानी योगिनी
730 _aभारतातील सर्वसामान्य झाडे-क्षेत्र -मार्गदर्शिका
942 _cBOOK
999 _c284121
_d284121